Hasan Saka'ya armağan (Kayıt no. 3731)

MARC ayrıntıları
000 -BAŞLIK
Sabit Uzunlukta Kontrol Alanı 00774na a2200241 4500
001 - KONTROL NUMARASI
Denetim Alanı 14057
003 - KONTROL NUMARASI IDENTIFIER
Denetim Alanı MIRAKIL
005 - SON İŞLEM TARİHİ VE ZAMANI
Denetim Alanı 20181213154941.0
008 - SABİT-BOY VERİ ELEMANLARI - GENEL BİLGİLER
Sabit Uzunlukta Kontrol Alanı 160825b tu 000 0
035 ## - SİSTEM KONTROL NUMARASI
Sistem Kontrol Numarası 14057
040 ## - KATALOGLAMA KAYNAK
Orijinal Kataloglama Ajansı Milas
Kataloglama Dili tur
Metne Dönüştürmek Ajansı TR-AnCHP
082 ## - DEWEY ONLU SINIFLANDIRMA NUMARASI
Sınıflandırma Numarası 923.2 Saka,H.
Ürün Numarası H27 1998
090 ## - SINIFLAMA NUMARASI
Sınıflama Numarası 923.2 Saka,H. H27 1998
245 ## - BAŞLIK TABLOSU
Başlık Hasan Saka'ya armağan
Sorumluluk Tablosu, Vb yayına hazırlayanlar : Rahmi Kumaş, Yasemin Doğanay
260 ## - YAYIN, DAĞITIM, VB
Yayın, Dağıtım, Vb Yeri Ankara
Yayıncı, Dağıtıcı, Vs Adı Birleşmiş Milletler Türk Derneği
Yayın, Dağıtım, Vb Tarihi 1998
300 ## - FİZİKSEL TANIM
Kapsam 153 s.
Boyutlar 19 sm.
490 ## - SERİSİ TABLOSU
Seri Beyanı Birleşmiş Milletler Türk Derneği yayınları
Hacim / Ardışık Tanımı 23
600 ## - KONU KATMA GİRİŞ - KURUMSAL ADI
Kişisel Ad Saka, Hasan
Bir Adıyla İlişkilendirilen Tarihler 1886-1960
Genel Alt Bölümü Armağan kitaplar
650 ## - KONU KATMA GİRİŞ - TOPİKAL DÖNEM
Topikal Süreli Veya Coğrafi Ad Giriş Elemanı Siyasal yaşam
Kronolojik Alt Bölümü 1946-1950
Coğrafi Alt Bölümü Türkiye
700 ## - KATMA GİRİŞ - KİŞİSEL İSİM
Kişisel Ad Doğanay, Yasemin
700 ## - KATMA GİRİŞ - KİŞİSEL İSİM
Kişisel Ad Kumaş, Rahmi
942 ## - EKLENDİ GİRİŞ ELEMANLARI (KOHA)
Sınıflandırma Veya Raf Düzeni Kaynak
Koha Öğesi Türü Kitaplar
999 ## - SİSTEM KONTROL NUMARALARI (KOHA)
Koha Biblionumber 3731
Koha Biblioitemnumber 3731
Mevcut
Kalıcı Konum Mevcut Konum Edinme Tarihi Edinim Kaynak Toplam Check-Out'Lar Tam Çağrı Numarası Barkod Tarih Son Görülme İtibaren Geçerli Fiyatlar Koha Öğesi Türü
CHP Kütüphanesi CHP Kütüphanesi 08/23/2016 Bağış   923.2 Saka,H. H27 1998 001838 08/23/2016 08/23/2016 Kitaplar